[Event "Hamburg-ch MB"]
[Site "Hamburg"]
[Date "2019.06.14"]
[Round "7"]
[White "Klausch, Uwe"]
[Black "Chmielewski, Axel"]
[Result "1/2-1/2"]
[WhiteElo "1939"]
[BlackElo "1827"]
[PlyCount "171"]
[EventDate "2019.06.08"]
[EventType "swiss"]
[EventRounds "9"]
[EventCountry "GER"]
[SourceTitle "EXT 2022"]
[Source "ChessBase"]
[SourceDate "2021.10.06"]
[SourceVersion "1"]
[SourceVersionDate "2021.10.06"]
[SourceQuality "1"]

1. e4 e6 2. d4 d5 3. Nc3 dxe4 4. Nxe4 Bd7 5. Nf3 Bc6 6. Bd3 Nd7 7. 0-0 Bxe4 8. Bxe4 c6 9. c4 Ngf6 10. Bc2 Bd6 11. Qe2 Qc7 12. g3 0-0 13. Re1 c5 14. Bd2 cxd4 15. Nxd4 a6 16. Bc3 Rac8 17. Bd3 Rfd8 18. Nf3 Re8 19. Bxf6 Nxf6 20. b3 Rcd8 21. Ng5 Bb4 22. Red1 Bc3 23. Rac1 Bd4 24. Ne4 Qe7 25. Bc2 e5 26. Qf3 Nd7 27. Rd3 f5 28. Qxf5 Rf8 29. Qh3 Nc5 30. Rd2 h6 31. Rf1 Qf7 32. Nxc5 Bxc5 33. Rxd8 Rxd8 34. Be4 Rd4 35. Bd5 Rxd5 36. cxd5 Qxd5 37. Qc8+ Kh7 38. Qf5+ Kg8 39. Qc2 b5 40. Rd1 Bd4 41. Re1 Qf3 42. Qe2 Qf7 43. Kg2 g5 44. f3 Qc7 45. Qe4 Kg7 46. g4 b4 47. Qd3 a5 48. Qc4 Qxc4 49. bxc4 Kf6 50. Rc1 Bc3 51. Kf2 Ke6 52. Ke3 Kd6 53. Rxc3 bxc3 54. Kd3 Kc6 55. Kc2 Kd6 56. Kxc3 Kc6 57. a3 Kd6 58. Kd2 Kc6 59. Ke3 Kc5 60. Kd3 Kc6 61. Ke4 Kc5 62. Kxe5 Kxc4 63. f4 gxf4 64. Kxf4 Kb3 65. h4 Kxa3 66. g5 hxg5+ 67. hxg5 Kb2 68. g6 a4 69. g7 a3 70. g8Q a2 71. Qg7+ Kb1 72. Qg1+ Kb2 73. Qd4+ Kb1 74. Qd3+ Kb2 75. Qd2+ Kb1 76. Qb4+ Ka1 77. Qa3 Kb1 78. Qb3+ Ka1 79. Qd1+ Kb2 80. Ke3 a1Q 81. Qd2+ Kb1 82. Qd3+ Ka2 83. Qc4+ Kb1 84. Kd2 Qa5+ 85. Qc3 Qxc3+ 86. Kxc3 1/2-1/2

[Event "Hamburg-ch MB"]
[Site "Hamburg"]
[Date "2019.06.13"]
[Round "6"]
[White "Solar, Peter"]
[Black "Klausch, Uwe"]
[Result "1-0"]
[WhiteElo "1818"]
[BlackElo "1939"]
[PlyCount "31"]
[EventDate "2019.06.08"]
[EventType "swiss"]
[EventRounds "9"]
[EventCountry "GER"]
[SourceTitle "EXT 2022"]
[Source "ChessBase"]
[SourceDate "2021.10.06"]
[SourceVersion "1"]
[SourceVersionDate "2021.10.06"]
[SourceQuality "1"]

1. d4 d5 2. Bf4 c5 3. e3 Nc6 4. Nf3 Nf6 5. Nbd2 e6 6. c3 Be7 7. h3 0-0 8. Bd3 b6 9. 0-0 Bb7 10. Rc1 Rc8 11. Bb1 h6 12. Ne5 Bd6 13. Qc2 Ne7 14. Ng4 Ne4 15. Bxd6 Qxd6 16. f3 1-0

[Event "Hamburg-ch MB"]
[Site "Hamburg"]
[Date "2019.06.12"]
[Round "5"]
[White "Klausch, Uwe"]
[Black "Sharma, Rishi"]
[Result "0-1"]
[WhiteElo "1939"]
[BlackElo "1751"]
[PlyCount "92"]
[EventDate "2019.06.08"]
[EventType "swiss"]
[EventRounds "9"]
[EventCountry "GER"]
[SourceTitle "EXT 2022"]
[Source "ChessBase"]
[SourceDate "2021.10.06"]
[SourceVersion "1"]
[SourceVersionDate "2021.10.06"]
[SourceQuality "1"]

1. e4 e6 2. d4 d5 3. Nc3 Bb4 4. Bd2 Nf6 5. e5 Nfd7 6. Qg4 Kf8 7. f4 c5 8. Nf3 Nc6 9. dxc5 Nxc5 10. a3 Bxc3 11. Bxc3 Ne4 12. Nd4 Nxc3 13. Nxc6 bxc6 14. bxc3 c5 15. Qd1 c4 16. Qd4 Qb6 17. Be2 Bd7 18. 0-0 Ke7 19. Rfb1 Qxd4+ 20. cxd4 Rhb8 21. Kf2 Ba4 22. Bd1 Kd7 23. Ke2 Kc7 24. Kd2 a5 25. Kc1 c3 26. Be2 Rxb1+ 27. Rxb1 Rb8 28. Bd3 g6 29. g4 Rxb1+ 30. Kxb1 Kc6 31. Ka2 Kd7 32. Kb1 Ke7 33. g5 Kd7 34. Ka2 Kc6 35. Kb1 Bb5 36. a4 Bxa4 37. Ka2 Bb5 38. Bxb5+ Kxb5 39. Kb3 a4+ 40. Kxc3 a3 41. Kb3 a2 42. c4+ dxc4+ 43. Kxa2 Kb4 44. Kb2 c3+ 45. Kc2 Kc4 46. d5 Kxd5 0-1

[Event "Hamburg-ch MB"]
[Site "Hamburg"]
[Date "2017.06.11"]
[Round "9"]
[White "Klausch, Uwe"]
[Black "Tesch, David"]
[Result "1/2-1/2"]
[WhiteElo "1888"]
[BlackElo "1857"]
[PlyCount "46"]
[EventDate "2017.06.03"]
[EventType "swiss"]
[EventRounds "9"]
[EventCountry "GER"]
[SourceTitle "CBM 179 Extra"]
[Source "ChessBase"]
[SourceDate "2017.08.23"]
[SourceVersion "1"]
[SourceVersionDate "2017.08.23"]
[SourceQuality "1"]

1. e4 e6 2. d4 d5 3. Nc3 Bb4 4. e5 c5 5. a3 Bxc3+ 6. bxc3 Ne7 7. Qg4 Qc7 8. Qxg7 Rg8 9. Qxh7 cxd4 10. Qd3 Qxe5+ 11. Ne2 dxc3 12. Bf4 Qf6 13. Qxc3 Qxc3+ 14. Nxc3 a6 15. g3 Nbc6 16. 0-0-0 e5 17. Bd2 Bg4 18. Re1 Bf3 19. Rg1 f6 20. h4 Nd4 21. Bh3 Bh5 22. Bg2 Rc8 23. Kb2 Bf3 1/2-1/2

[Event "Hamburg CC Easter op 3rd"]
[Site "Hamburg"]
[Date "2017.04.16"]
[Round "5"]
[White "Pererva, Viktor"]
[Black "Klausch, Uwe"]
[Result "1-0"]
[WhiteElo "2093"]
[BlackElo "1881"]
[PlyCount "43"]
[EventDate "2017.04.14"]
[EventType "swiss"]
[EventRounds "7"]
[EventCountry "GER"]
[SourceTitle "EXT 2020"]
[Source "ChessBase"]
[SourceDate "2019.10.17"]
[SourceVersion "1"]
[SourceVersionDate "2019.10.17"]
[SourceQuality "1"]

1. d4 d5 2. c4 c6 3. Nf3 Nf6 4. Nc3 e6 5. Bg5 h6 6. Bh4 dxc4 7. e4 g5 8. Bg3 b5 9. Be2 Bb7 10. h4 Bb4 11. Qc2 g4 12. Ne5 Qxd4 13. 0-0 Bxc3 14. bxc3 Qxe4 15. Qd2 Nd5 16. Bxg4 Nd7 17. Rfe1 Qh7 18. Nxf7 0-0 19. Nd6 N7f6 20. Bxe6+ Kh8 21. Be5 Rad8 22. Bf5 1-0

[Event "Hamburg CC Easter op 3rd"]
[Site "Hamburg"]
[Date "2017.04.15"]
[Round "3"]
[White "Bellon, Antonio"]
[Black "Klausch, Uwe"]
[Result "0-1"]
[WhiteElo "1674"]
[BlackElo "1881"]
[PlyCount "132"]
[EventDate "2017.04.14"]
[EventType "swiss"]
[EventRounds "7"]
[EventCountry "GER"]
[SourceTitle "EXT 2020"]
[Source "ChessBase"]
[SourceDate "2019.10.17"]
[SourceVersion "1"]
[SourceVersionDate "2019.10.17"]
[SourceQuality "1"]

1. e4 e5 2. Nf3 Nc6 3. Bb5 a6 4. Ba4 Nf6 5. 0-0 b5 6. Bb3 Be7 7. c3 d6 8. d3 0-0 9. h3 Bb7 10. Re1 Na5 11. Bc2 c5 12. Nbd2 Nc6 13. Nf1 Re8 14. Ng3 g6 15. h4 h5 16. Qd2 Bf8 17. Ng5 Nh7 18. Qe2 Nxg5 19. Bxg5 Be7 20. Bh6 Bf8 21. Bg5 f6 22. Be3 Bc8 23. Bb3+ Be6 24. f4 Bxb3 25. axb3 exf4 26. Bxf4 Ne5 27. Rf1 Ng4 28. Qf3 Bg7 29. Bd2 Ra7 30. Ne2 Qd7 31. Nf4 Qf7 32. Nd5 Kh7 33. Bg5 Re6 34. Qg3 Qd7 35. Bd2 Qd8 36. Rf3 Qc8 37. Raf1 Rf7 38. Nf4 Re5 39. Nh3 Rf8 40. Bf4 Re6 41. Bxd6 Rd8 42. Bf4 c4 43. bxc4 bxc4 44. d4 Rxe4 45. Re1 Rde8 46. Rxe4 Rxe4 47. Rf1 Re2 48. Bc1 Bh6 49. Bxh6 Kxh6 50. Qf4+ Kg7 51. Nf2 Qb7 52. d5 Qxd5 53. Qc7+ Kf8 54. Qc8+ Re8 55. Qxa6 Re6 56. Qc8+ Re8 57. Qa6 Re2 58. Qc8+ Kg7 59. Qc7+ Kg8 60. Qc8+ Kf7 61. Qc7+ Re7 62. Qf4 Ne3 63. Qf3 Qxf3 64. gxf3 Nxf1 65. Kxf1 Re3 66. Kg2 Re2 0-1

[Event "Hamburg CC Easter op 3rd"]
[Site "Hamburg"]
[Date "2017.04.14"]
[Round "1"]
[White "Urbansky, Thomas"]
[Black "Klausch, Uwe"]
[Result "0-1"]
[WhiteElo "983"]
[BlackElo "1881"]
[PlyCount "52"]
[EventDate "2017.04.14"]
[EventType "swiss"]
[EventRounds "7"]
[EventCountry "GER"]
[SourceTitle "EXT 2020"]
[Source "ChessBase"]
[SourceDate "2019.10.17"]
[SourceVersion "1"]
[SourceVersionDate "2019.10.17"]
[SourceQuality "1"]

1. e4 e5 2. Nf3 Nc6 3. Bc4 Bc5 4. Nc3 a6 5. 0-0 Nf6 6. Nxe5 Nxe5 7. d4 Nxc4 8. dxc5 0-0 9. b3 Ne5 10. f4 Nc6 11. e5 Ne8 12. Ne4 d6 13. cxd6 cxd6 14. Ba3 Bf5 15. Bxd6 Bxe4 16. Bxf8 Kxf8 17. c3 Qxd1 18. Raxd1 Bf5 19. h3 h5 20. Kf2 Rd8 21. Kf3 h4 22. Rxd8 Nxd8 23. g4 hxg3 24. Kxg3 g6 25. Rd1 Ke7 26. Kh4 Ne6 0-1

[Event "Berlin Spandau op 2nd"]
[Site "Berlin"]
[Date "2016.12.27"]
[Round "2"]
[White "Klausch, Uwe"]
[Black "Baumgardt, Uwe"]
[Result "0-1"]
[WhiteElo "1894"]
[BlackElo "2137"]
[PlyCount "45"]
[EventDate "2016.12.27"]
[EventType "swiss"]
[EventRounds "7"]
[EventCountry "GER"]
[SourceTitle "CBM 176 Extra"]
[Source "ChessBase"]
[SourceDate "2017.03.02"]
[SourceVersion "1"]
[SourceVersionDate "2017.03.02"]
[SourceQuality "1"]

1. e4 d6 2. d4 Nf6 3. Nc3 g6 4. Be3 Bg7 5. Qd2 Ng4 6. Bg5 h6 7. Bh4 g5 8. Bg3 e5 9. Nf3 exd4 10. Nxd4 Nc6 11. Nxc6 bxc6 12. h4 Be6 13. f3 Ne5 14. hxg5 hxg5 15. Rxh8+ Bxh8 16. 0-0-0 Bf6 17. Ba6 Rb8 18. Bf2 Bc4 19. Bxa7 Bxa6 20. Bxb8 Qxb8 21. b3 Qb4 22. Nb1 Qb6 23. Qd4 0-1

[Event "Hamburg St Pauli op-A"]
[Site "Hamburg"]
[Date "2015.07.18"]
[Round "1"]
[White "Klausch, Uwe"]
[Black "Andersen, Jens Knud"]
[Result "0-1"]
[WhiteElo "1924"]
[BlackElo "2164"]
[PlyCount "30"]
[EventDate "2015.07.18"]
[EventType "swiss"]
[EventRounds "9"]
[EventCountry "GER"]
[SourceTitle "EXT 2016"]
[Source "ChessBase"]
[SourceDate "2015.10.08"]
[SourceVersion "1"]
[SourceVersionDate "2015.10.08"]
[SourceQuality "1"]

1. e4 e6 2. d4 d5 3. Nc3 Bb4 4. e5 c5 5. a3 Bxc3+ 6. bxc3 Qc7 7. Qg4 f5 8. Qg3 Ne7 9. Bd2 0-0 10. Nh3 cxd4 11. cxd4 Qxc2 12. Nf4 Nbc6 13. Bd3 Qb2 14. Ke2 Nxd4+ 15. Ke3 Nb3 0-1

[Event "Hamburg-ch MA"]
[Site "Hamburg"]
[Date "2015.05.26"]
[Round "4"]
[White "Klausch, Uwe"]
[Black "Schirmer, Werner"]
[Result "1-0"]
[WhiteElo "1897"]
[BlackElo "2024"]
[PlyCount "79"]
[EventDate "2015.05.23"]
[EventType "swiss"]
[EventRounds "9"]
[EventCountry "GER"]
[SourceTitle "EXT 2022"]
[Source "ChessBase"]
[SourceDate "2021.10.06"]
[SourceVersion "1"]
[SourceVersionDate "2021.10.06"]
[SourceQuality "1"]

1. e4 c5 2. Nf3 Nc6 3. d4 cxd4 4. Nxd4 g6 5. Nc3 Bg7 6. Be3 Nf6 7. Bc4 Qa5 8. 0-0 0-0 9. Bb3 d6 10. f3 Bd7 11. Qd2 Nxd4 12. Bxd4 Bc6 13. Be3 Rfe8 14. Rfd1 Nd7 15. Kh1 Qh5 16. Rab1 Nc5 17. Bd5 Ne6 18. Qf2 g5 19. Ne2 Be5 20. g3 Kh8 21. c3 Nc5 22. g4 Qg6 23. Bxc6 bxc6 24. Bxc5 dxc5 25. Qxc5 Bd6 26. Qd4+ f6 27. Ng3 Qf7 28. Nh5 Be5 29. Qa4 Qe6 30. Rd3 Bc7 31. Rbd1 Qe5 32. Qc2 a5 33. Qf2 Rab8 34. R1d2 a4 35. Qd4 Qa5 36. Qc4 Rf8 37. Qxc6 a3 38. b4 Qb6 39. Qxb6 Rxb6 40. Rd7 1-0

[Event "Hamburg-ch MB"]
[Site "Hamburg"]
[Date "2014.06.15"]
[Round "9"]
[White "Keuneke, Hanno"]
[Black "Klausch, Uwe"]
[Result "0-1"]
[WhiteElo "1781"]
[BlackElo "1837"]
[PlyCount "108"]
[EventDate "2014.06.07"]
[EventType "swiss"]
[EventRounds "9"]
[EventCountry "GER"]
[SourceTitle "CBM 161 Extra"]
[Source "ChessBase"]
[SourceDate "2014.08.29"]
[SourceVersion "1"]
[SourceVersionDate "2014.08.29"]
[SourceQuality "1"]

1. e4 e5 2. Nf3 Nc6 3. Bb5 a6 4. Ba4 Nf6 5. 0-0 Nxe4 6. d4 b5 7. Bb3 d5 8. dxe5 Be6 9. c3 Be7 10. Re1 Nc5 11. Bc2 Bg4 12. h3 Bh5 13. b4 Ne6 14. Nbd2 0-0 15. Nb3 Qd7 16. Bf5 Bg6 17. Bxg6 hxg6 18. Qd3 Rfd8 19. Bd2 d4 20. cxd4 Ncxd4 21. Rad1 Nc6 22. Qe2 Qd3 23. Qe4 Qxe4 24. Rxe4 Nxb4 25. Nfd4 Nxd4 26. Nxd4 c5 27. Bxb4 cxb4 28. Rc1 Rdc8 29. Nc6 Bf8 30. e6 fxe6 31. Rxe6 Kf7 32. Re2 Re8 33. Ne5+ Kg8 34. Rc6 g5 35. Kf1 Rad8 36. Rc1 Rd5 37. Nf3 Rxe2 38. Kxe2 a5 39. Rc6 a4 40. Nd2 Be7 41. Rb6 Bf6 42. Ne4 b3 43. axb3 a3 44. Nxf6+ gxf6 45. Rxf6 b4 46. Ra6 Kf7 47. Ra4 Ke6 48. g3 Kd6 49. Rxb4 Ra5 50. Rd4+ Kc5 51. Rd1 a2 52. Ra1 Kb4 53. h4 gxh4 54. gxh4 Kxb3 0-1

[Event "Hamburg-ch MB"]
[Site "Hamburg"]
[Date "2014.06.08"]
[Round "2"]
[White "Ristic, Sreten"]
[Black "Klausch, Uwe"]
[Result "0-1"]
[WhiteElo "1937"]
[BlackElo "1837"]
[PlyCount "68"]
[EventDate "2014.06.07"]
[EventType "swiss"]
[EventRounds "9"]
[EventCountry "GER"]
[SourceTitle "CBM 161 Extra"]
[Source "ChessBase"]
[SourceDate "2014.08.29"]
[SourceVersion "1"]
[SourceVersionDate "2014.08.29"]
[SourceQuality "1"]

1. f4 g6 2. Nf3 Nf6 3. e3 Bg7 4. Nc3 d5 5. d4 0-0 6. Bd3 Bg4 7. h3 Bxf3 8. Qxf3 e6 9. Bd2 Nbd7 10. g4 c5 11. b3 Rc8 12. 0-0 cxd4 13. exd4 Nxg4 14. hxg4 Bxd4+ 15. Kg2 Bxc3 16. Bxc3 Rxc3 17. Rh1 Qf6 18. g5 Qg7 19. Qd1 Nc5 20. Re1 Nxd3 21. cxd3 Qd4 22. Qf3 Rxd3 23. Rad1 Rxd1 24. Rxd1 Qb2+ 25. Kg3 Rc8 26. Kg4 Rc3 27. Rd3 Rxd3 28. Qxd3 f5+ 29. gxf6 Qxf6 30. Qb5 h5+ 31. Kg3 h4+ 32. Kf3 Qc3+ 33. Ke2 Qc2+ 34. Ke3 Qe4+ 0-1

[Event "Hamburg-ch MB"]
[Site "Hamburg"]
[Date "2013.05.24"]
[Round "7"]
[White "Tesch, David"]
[Black "Klausch, Uwe"]
[Result "1/2-1/2"]
[WhiteElo "1739"]
[BlackElo "1838"]
[PlyCount "45"]
[EventDate "2013.05.18"]
[EventType "swiss"]
[EventRounds "9"]
[EventCountry "GER"]
[SourceTitle "EXT 2022"]
[Source "ChessBase"]
[SourceDate "2021.10.06"]
[SourceVersion "1"]
[SourceVersionDate "2021.10.06"]
[SourceQuality "1"]

1. e4 e5 2. f4 d5 3. exd5 e4 4. d3 Nf6 5. dxe4 Nxe4 6. Nf3 Bc5 7. Qe2 Qe7 8. Nc3 Bf5 9. Be3 Bxe3 10. Qxe3 Nxc3 11. Qxe7+ Kxe7 12. bxc3 Bxc2 13. Kd2 Bf5 14. Nd4 Bd7 15. Rb1 b6 16. g3 a5 17. Bg2 Kd6 18. Rhe1 Na6 19. Re3 Rae8 20. Rbe1 Rxe3 21. Rxe3 Nc5 22. Nf3 f6 23. Nd4 1/2-1/2

[Event "Hamburg-ch MB"]
[Site "Hamburg"]
[Date "2013.05.22"]
[Round "5"]
[White "Klausch, Uwe"]
[Black "Opasiak, Dustin Tennessee"]
[Result "1-0"]
[WhiteElo "1838"]
[BlackElo "1791"]
[PlyCount "95"]
[EventDate "2013.05.18"]
[EventType "swiss"]
[EventRounds "9"]
[EventCountry "GER"]
[SourceTitle "EXT 2022"]
[Source "ChessBase"]
[SourceDate "2021.10.06"]
[SourceVersion "1"]
[SourceVersionDate "2021.10.06"]
[SourceQuality "1"]

1. e4 c6 2. d4 d5 3. Nc3 dxe4 4. Nxe4 Bf5 5. Ng3 Bg6 6. h4 h6 7. Nf3 Nd7 8. h5 Bh7 9. Bd3 Bxd3 10. Qxd3 e6 11. Bd2 Ngf6 12. 0-0-0 Be7 13. Kb1 0-0 14. Ne4 Nxe4 15. Qxe4 Nf6 16. Qe2 Qd5 17. Ne5 Qe4 18. Qxe4 Nxe4 19. Be3 Rfd8 20. Rhe1 Bb4 21. Rh1 c5 22. dxc5 Bxc5 23. Bxc5 Nxc5 24. f3 f6 25. Ng6 Kf7 26. Kc1 Rac8 27. Rxd8 Rxd8 28. Rd1 Rc8 29. Rd6 e5 30. c3 Rc7 31. Kc2 Ne6 32. Kd3 Nf8 33. Nh4 g6 34. hxg6+ Nxg6 35. Nxg6 Kxg6 36. g4 b6 37. c4 Kg5 38. b3 f5 39. gxf5 Rf7 40. Ke4 Rxf5 41. Rxh6 Rf7 42. Re6 Rf4+ 43. Kd5 Rxf3 44. Rxe5+ Kf6 45. Re2 Rf5+ 46. Kc6 Rc5+ 47. Kb7 b5 48. cxb5 1-0

[Event "Hamburg-ch MB"]
[Site "Hamburg"]
[Date "2013.05.21"]
[Round "4"]
[White "Wilms, Robert"]
[Black "Klausch, Uwe"]
[Result "1-0"]
[WhiteElo "1936"]
[BlackElo "1838"]
[PlyCount "69"]
[EventDate "2013.05.18"]
[EventType "swiss"]
[EventRounds "9"]
[EventCountry "GER"]
[SourceTitle "EXT 2022"]
[Source "ChessBase"]
[SourceDate "2021.10.06"]
[SourceVersion "1"]
[SourceVersionDate "2021.10.06"]
[SourceQuality "1"]

1. d4 d5 2. c4 c6 3. Nc3 Nf6 4. e3 e6 5. Nf3 Nbd7 6. Bd3 dxc4 7. Bxc4 b5 8. Bd3 Bb7 9. 0-0 Bd6 10. e4 e5 11. dxe5 Nxe5 12. Nxe5 Bxe5 13. f4 Bd4+ 14. Kh1 0-0 15. e5 Bxc3 16. bxc3 Nd5 17. Qc2 h6 18. Be4 Qb6 19. Rf3 Rad8 20. Rg3 Rfe8 21. Bxd5 Rxd5 22. Be3 Qd8 23. Bd4 c5 24. e6 f6 25. Qg6 Re7 26. Bg1 Kh8 27. f5 Qd6 28. Qg4 Bc6 29. Be3 Qd8 30. Re1 a6 31. h4 Be8 32. Bxh6 Bh5 33. Bxg7+ Kg8 34. Qxh5 Rxg7 35. Qf7+ 1-0

[Event "Hamburg-ch MB"]
[Site "Hamburg"]
[Date "2013.05.19"]
[Round "3"]
[White "Klausch, Uwe"]
[Black "Rudolph, Jens Erik"]
[Result "1/2-1/2"]
[WhiteElo "1838"]
[BlackElo "1961"]
[PlyCount "75"]
[EventDate "2013.05.18"]
[EventType "swiss"]
[EventRounds "9"]
[EventCountry "GER"]
[SourceTitle "EXT 2022"]
[Source "ChessBase"]
[SourceDate "2021.10.06"]
[SourceVersion "1"]
[SourceVersionDate "2021.10.06"]
[SourceQuality "1"]

1. e4 e6 2. d4 d5 3. Nc3 Nf6 4. e5 Nfd7 5. f4 c5 6. Nf3 Nc6 7. Be3 cxd4 8. Nxd4 Bc5 9. Qd2 0-0 10. 0-0-0 a6 11. h4 Nxd4 12. Bxd4 b5 13. h5 b4 14. Ne2 a5 15. h6 g6 16. g4 Qb6 17. Qe3 Ba6 18. Bxc5 Nxc5 19. Nd4 a4 20. f5 Ne4 21. Bxa6 Qxa6 22. Rd3 b3 23. a3 bxc2 24. Rh2 Rac8 25. Rxc2 Nf2 26. Qxf2 Qxd3 27. Nc6 Rce8 28. Rc3 Qe4 29. Qh4 Qf4+ 30. Kb1 g5 31. Qh3 d4 32. Rc4 Qe4+ 33. Ka1 exf5 34. gxf5 Rxe5 35. Nxe5 Qxe5 36. Qg4 f6 37. Rxd4 Qe1+ 38. Ka2 1/2-1/2

[Event "Harburg-chE 9th"]
[Site "Hamburg"]
[Date "2011.08.21"]
[Round "5"]
[White "Klausch, Uwe"]
[Black "Raasch, Peter"]
[Result "1/2-1/2"]
[WhiteElo "1803"]
[BlackElo "1900"]
[PlyCount "51"]
[EventDate "2011.08.19"]
[EventType "tourn"]
[EventRounds "5"]
[EventCountry "GER"]
[SourceTitle "EXT 2012"]
[Source "ChessBase"]
[SourceDate "2011.11.24"]
[SourceVersion "1"]
[SourceVersionDate "2011.11.24"]
[SourceQuality "1"]

1. e4 c5 2. Nf3 Nc6 3. d4 cxd4 4. Nxd4 e5 5. Nb5 a6 6. Nd6+ Bxd6 7. Qxd6 Qf6 8. Qxf6 Nxf6 9. Nc3 d5 10. Nxd5 Nxd5 11. exd5 Nb4 12. Bd3 Nxd3+ 13. cxd3 Bf5 14. f4 e4 15. dxe4 Bxe4 16. Kf2 f5 17. Bd2 Rd8 18. Bc3 Kf7 19. Rad1 Bxd5 20. a3 Be4 21. Rhe1 Rhe8 22. g3 g6 23. Ba5 Rxd1 24. Rxd1 Bc6 25. Bc3 h6 26. h4 1/2-1/2

[Event "Harburg-chE 9th"]
[Site "Hamburg"]
[Date "2011.08.20"]
[Round "2"]
[White "Egelriede, Nikolas"]
[Black "Klausch, Uwe"]
[Result "0-1"]
[WhiteElo "1770"]
[BlackElo "1803"]
[PlyCount "62"]
[EventDate "2011.08.19"]
[EventType "tourn"]
[EventRounds "5"]
[EventCountry "GER"]
[SourceTitle "EXT 2012"]
[Source "ChessBase"]
[SourceDate "2011.11.24"]
[SourceVersion "1"]
[SourceVersionDate "2011.11.24"]
[SourceQuality "1"]

1. e4 e5 2. Bc4 Nf6 3. d3 Be7 4. Nf3 Nc6 5. c3 d6 6. Bb3 0-0 7. 0-0 Be6 8. Bc2 d5 9. Qe2 dxe4 10. dxe4 a6 11. a4 Bd6 12. Bg5 h6 13. Bh4 g5 14. Bg3 Nh5 15. Nbd2 Nf4 16. Bxf4 gxf4 17. Nc4 Kh8 18. Nxd6 cxd6 19. Rfd1 Qe7 20. Ne1 Rg8 21. Rd2 Na5 22. Rdd1 Rg6 23. f3 Rag8 24. b4 Nc4 25. Bd3 Ne3 26. Rd2 Bh3 27. g3 Nf1 28. g4 Nxd2 29. Qxd2 h5 30. Be2 hxg4 31. fxg4 Bxg4 0-1

[Event "Harburg-chE 8th"]
[Site "Hamburg"]
[Date "2010.08.20"]
[Round "1"]
[White "Schuette, Ulrich"]
[Black "Klausch, Uwe"]
[Result "1/2-1/2"]
[WhiteElo "1854"]
[BlackElo "1780"]
[PlyCount "179"]
[EventDate "2010.08.20"]
[EventType "tourn"]
[EventRounds "5"]
[EventCountry "GER"]
[SourceTitle "EXT 2012"]
[Source "ChessBase"]
[SourceDate "2011.11.24"]
[SourceVersion "1"]
[SourceVersionDate "2011.11.24"]
[SourceQuality "1"]

1. d4 Nf6 2. c4 g6 3. Nf3 Bg7 4. g3 0-0 5. Bg2 d6 6. Nc3 Nc6 7. 0-0 a6 8. Rb1 Bf5 9. Ra1 Rb8 10. Nh4 Bd7 11. b3 b5 12. cxb5 axb5 13. Bb2 e6 14. e3 Re8 15. Qe2 Ne7 16. Ne4 Ned5 17. Rfc1 Nxe4 18. Bxe4 g5 19. Ng2 f5 20. Bb1 b4 21. e4 Nc3 22. Bxc3 bxc3 23. e5 dxe5 24. dxe5 Bc6 25. Rd1 Qe7 26. f4 gxf4 27. Nxf4 Qc5+ 28. Qf2 Qxf2+ 29. Kxf2 Bxe5 30. Bc2 Rbd8 31. Rac1 Rd4 32. Ne2 Rd7 33. Rxd7 Bxd7 34. Bd3 Ra8 35. Bb1 Bc6 36. Nxc3 Bd4+ 37. Ke2 Bb6 38. a4 Rd8 39. Bd3 Ba5 40. Bc4 Re8 41. Nd1 Kf7 42. Ne3 Kf6 43. Bd3 Bd5 44. Nc4 Bb4 45. Rf1 Rg8 46. Kd1 Rg4 47. Kc2 Rd4 48. Rd1 Bf3 49. Be2 Rxc4+ 50. Bxc4 Bxd1+ 51. Kxd1 e5 52. Ke2 Kg5 53. Bd3 h6 54. Kf2 Kf6 55. Be2 Ke6 56. Ke3 Kd6 57. Bd3 Ke6 58. Bb5 Kd6 59. Be8 Ke7 60. Bg6 Kf6 61. Bh7 Ke6 62. Kd3 c5 63. Kc4 e4 64. g4 fxg4 65. Bxe4 h5 66. Kb5 h4 67. a5 Bxa5 68. Kxa5 Ke5 69. Bc6 Kd4 70. Kb5 Kc3 71. Bd5 Kd4 72. Kc6 g3 73. h3 Kc3 74. Kxc5 g2 75. Bxg2 Kxb3 76. Kd5 Kb4 77. Bf1 Ka5 78. Kc6 Kb4 79. Kd6 Kc3 80. Ke5 Kb4 81. Kf4 Kc5 82. Kg5 Kd6 83. Kf6 Kc6 84. Kg7 Kd7 85. Kf7 Kd8 86. Bd3 Kd7 87. Be4 Kd6 88. Bf5 Ke5 89. Kg6 Kd6 90. Kg5 1/2-1/2